Hedgehog...or Porcupine? - Statistics

General Stats
  • This quiz has been taken 206 times
    92 since last reset
  • The average score is 5 of 10
Answer Stats
Question Answer % Correct
Has a long tail Porcupine
100%
Is omnivorous Both
75%
Burrows in the ground to make its den Hedgehog
75%
Is nocturnal Both
50%
Rolls itself into a ball when threatened Hedgehog
50%
Hibernates during the winter Hedgehog
50%
Contains antibiotics in its skin to protect itself from its own spines Porcupine
50%
Lives in a variety of habitats, including forests, deserts, and grasslands Both
25%
Can be found in both North America and Europe Porcupine
25%
Can shed its spines Both
0%
No matching quizzes found
Score Distribution
Percent of People with Each Score
Percentile by Number Answered
Your Score History
You have not taken this quiz since the last reset